000 00741nam a22002417a 4500
005 20170124105950.0
010 _aB-226827
020 _c250.00
_a818832806
035 _aB-226827
037 _bCen Lib/Ret
040 _aDPL
_bEN
082 _a250.33
_bTIW
100 _aTiwari,Arun K.
_973580
245 _aBenefactor of humanity :
_cby Arun K.Tiwari [and] Kyaw Myint
_bthe life and thought of Gautam Bauddha /
260 _aNew Delhi
_bOcean books pvt.
_c2006
270 _a4/19,Asaf Ali road
_bNew Delhi
_e110002
300 _a215p.
_c21cm(Hb)
500 _aIncludes notes
650 _a Buddhism
_91068
650 _aBuddha (The concept)
_913080
700 _aMyint,Kyaw
_973581
942 _2ddc
_cEN
_h250.33
_mTIW
999 _c125220
_d125220